| 000 | 00776nam a2200265 a 4500 | ||
|---|---|---|---|
| 005 | 20160615121439.0 | ||
| 008 | 140311b2002 ck ||||| |||| 00| 0 spa d | ||
| 020 | _a9589726402 | ||
| 040 |
_aCO-BoIAVH _cCO-BoIAVH |
||
| 041 | _aspa | ||
| 044 | _ack | ||
| 082 |
_a570.72 _bM52p |
||
| 100 | 1 | _aMelgarejo, Luz Marina | |
| 245 | 1 | 0 |
_aPlan nacional en bioprospección continental y marina: _bpropuesta técnica |
| 260 |
_aBogotá: _bINVEMAR, _c2002. |
||
| 300 | _a122 páginas. | ||
| 650 | 1 | 4 | _aBioprospección |
| 650 | 0 | _aOrganismos marinos | |
| 700 | 1 | _aSánchez, Jimena | |
| 700 | 1 | _aReyes, Carmen | |
| 700 | 1 | _aNewmark, Federico | |
| 700 | _aSantos Acevedo, Marisol | ||
| 942 |
_cLIBRO _2ddc |
||
| 945 | _d2003-11-05 | ||
| 999 |
_c3481 _d3481 |
||